000 nam a22 7a 4500
999 _c126893
_d126893
008 170905b xxu||||| |||| 00| 0 eng d
050 _aPR1175.S667
100 _aSmyth W.M.
_935593
245 _aA book pf poetry
_c/ W.M. Smyth
260 _aLondon
_bEdward Arnold (Publishers) Ltd
_c1959
300 _a383p. ;
_c20cm.
650 _aPoetry, English
_xCollection
_935594
942 _2lcc
_cMONOGRAPH